Countries Whose Ranks in Size and Population are the Same - Statistics

General Stats
  • This quiz has been taken 32 times
  • The average score is 4 of 7
Answer Stats
Rank Country % Correct
3 United States
100%
196 Vatican City
88%
195 Monaco
84%
17 Iran
52%
24 Colombia
32%
53 Cameroon
4%
149 Slovenia
0%
No matching quizzes found
Score Distribution
Percent of People with Each Score
Percentile by Number Answered
Your Score History
You have not taken this quiz